|
LDR
| 02676nam a2200697 i 4500 |
|---|
| 001 | 29782 |
|---|
| 003 | CZ-PrJAB |
|---|
| 005 | 20180112104640.0 |
|---|
| 007 | ta |
|---|
| 008 | 170925s2017 xr f 001 0dcze |
|---|
| 015 | | . |
‡acnb002931120 |
|---|
| 020 | | . |
‡a978-80-7419-250-0
‡q(brožováno) :
‡cKč 325,00 |
|---|
| 035 | | . |
‡a(CZ PrNK)nkc20172931120 |
|---|
| 035 | | . |
‡a(OCoLC)1011121583 |
|---|
| 040 | | . |
‡aABA001
‡bcze
‡erda |
|---|
| 041 | 0 | . |
‡acze
‡beng |
|---|
| 043 | | . |
‡ae-xr--- |
|---|
| 072 | | 7. |
‡a614
‡xVeřejné zdraví a hygiena
‡2Konspekt
‡914 |
|---|
| 080 | | . |
‡a316.33:614.2
‡2MRF |
|---|
| 080 | | . |
‡a614.253
‡2MRF |
|---|
| 080 | | . |
‡a614.253.5
‡2MRF |
|---|
| 080 | | . |
‡a364-58
‡2MRF |
|---|
| 080 | | . |
‡a616-092.11
‡2MRF |
|---|
| 080 | | . |
‡a(437.3)
‡2MRF |
|---|
| 080 | | . |
‡a(048.8:082)
‡2MRF |
|---|
| 100 | 1 | . |
‡aŠmídová Matoušová, Olga,
‡d1955-
‡7jo2002106716
‡4aut |
|---|
| 245 | 1 | 0. |
‡aPo stopách moci v nemoci :
‡bo morálce, moci a komunikaci v českém zdravotnictví /
‡cOlga Šmídová Matoušová, Blanka Tollarová, Karel Čada, Boleslav Keprt, Ema Hrešanová, Lenka Němcová Guhlová, Veronika Kontrová |
|---|
| 246 | 3 | 0. |
‡aO morálce, moci a komunikaci v českém zdravotnictví |
|---|
| 250 | | . |
‡aVydání první |
|---|
| 264 | | 1. |
‡aPraha :
‡bSociologické nakladatelství (SLON),
‡c2017 |
|---|
| 300 | | . |
‡a238 stran ;
‡c23 cm |
|---|
| 336 | | . |
‡atext
‡btxt
‡2rdacontent |
|---|
| 337 | | . |
‡abez média
‡bn
‡2rdamedia |
|---|
| 338 | | . |
‡asvazek
‡bnc
‡2rdacarrier |
|---|
| 490 | 1 | . |
‡aStudie ;
‡v125. svazek |
|---|
| 504 | | . |
‡aObsahuje bibliografie, bibliografické odkazy a rejstříky |
|---|
| 546 | | . |
‡aAnglické resumé |
|---|
| 650 | 0 | 7. |
‡asociologie zdravotnictví
‡7ph216733
‡zČesko
‡2czenas |
|---|
| 650 | 0 | 7. |
‡azdravotnická etika
‡7ph413829
‡zČesko
‡2czenas |
|---|
| 650 | 0 | 7. |
‡alékař a pacient
‡7ph122494
‡2czenas |
|---|
| 650 | 0 | 7. |
‡azdravotní sestry
‡7ph137872
‡2czenas |
|---|
| 650 | 0 | 7. |
‡ahospicová péče
‡7ph120814
‡2czenas |
|---|
| 650 | 0 | 7. |
‡azdraví a nemoc
‡7ph158519
‡2czenas |
|---|
| 650 | 0 | 9. |
‡asociology of health service
‡zCzechia
‡2eczenas |
|---|
| 650 | 0 | 9. |
‡ahealth care ethics
‡zCzechia
‡2eczenas |
|---|
| 650 | 0 | 9. |
‡aphysician and patient
‡2eczenas |
|---|
| 650 | 0 | 9. |
‡anurses
‡2eczenas |
|---|
| 650 | 0 | 9. |
‡ahospice care
‡2eczenas |
|---|
| 650 | 0 | 9. |
‡ahealth and disease
‡2eczenas |
|---|
| 655 | | 7. |
‡akolektivní monografie
‡7fd501537
‡2czenas |
|---|
| 655 | | 9. |
‡acollective monographs
‡2eczenas |
|---|
| 700 | 1 | . |
‡aTollarová, Blanka
‡7jo2013756993
‡4aut |
|---|
| 700 | 1 | . |
‡aČada, Karel,
‡d1979-
‡7jo2002105194
‡4aut |
|---|
| 700 | 1 | . |
‡aKeprt, Boleslav
‡7xx0216701
‡4aut |
|---|
| 700 | 1 | . |
‡aHrešanová, Ema,
‡d1979-
‡7mzk2009512879
‡4aut |
|---|
| 700 | 1 | . |
‡aNěmcová Guhlová, Lenka,
‡d1984-
‡7xx0216702
‡4aut |
|---|
| 700 | 1 | . |
‡aKontrová, Veronika
‡7xx0216703
‡4aut |
|---|
| 830 | | 0. |
‡aStudie (Sociologické nakladatelství) |
|---|
| 910 | | . |
‡aABG312 |
|---|
| 901 | | . |
‡a29782
‡b
‡c29782
‡tbiblio |
|---|